| 000 | 01741nam2a22002891 4500 | ||
|---|---|---|---|
| 001 | RU\NLR\INFOCOMM55\1000056512 | ||
| 005 | 20250617112126.0 | ||
| 035 | _a(NLR Aleph) 002571096 | ||
| 090 |
_a3190239 _c3190239 |
||
| 100 | _a20040528d1984 |||y0rusy50 ca | ||
| 101 | 0 | _arus | |
| 102 | _aRU | ||
| 105 | _ay ||||||||| | ||
| 200 | 1 |
_aИон литография, особенности и перспективы развития _fЮ.С. Боков, А.Н. Шокин |
|
| 210 |
_d1984 _aБ. м. |
||
| 225 | 1 |
_a... _vВып.1067 _i... _v1984, Вып.6 |
|
| 461 | 0 |
_1001RU\NLR\INFOCOMM55\1000056712 _12001#$aОбзоры по электронной технике$fМ-во электронной пром-сти СССР. Ин-т "Электроника"$vВып.1067 _93197280 _cМ. _d1968- _fМ-во электронной пром-сти СССР. Ин-т "Электроника" _tОбзоры по электронной технике _vВып.1067 |
|
| 462 | 0 |
_1001RU\NLR\INFOCOMM55\1000056438 _12001#$aОбзоры по электронной технике$iСерия Микроэлектроника$fМ-во электронной пром-сти СССР. Ин-т "Электроника"$v1984, Вып.6 _93189602 _cМ. _d1970- _fМ-во электронной пром-сти СССР. Ин-т "Электроника" _iСерия Микроэлектроника _tОбзоры по электронной технике. - Обзоры по электронной технике _v1984, Вып.6 |
|
| 700 | 1 |
_aБоков _bЮ.С. _4070 |
|
| 701 | 1 |
_aШокин _bА.Н. _4070 |
|
| 801 | 1 |
_aRU _bInfoComm _c20040528 |
|
| 801 | 0 |
_aRU _bNLR _gPSBO |
|
| 852 |
_aNLR _jП51/94 |
||
| 942 | _cISSUE | ||
| 980 | _aNB | ||
| 980 | _aRUSPER | ||